000 02311cam a2200493 a 4500
001 ocm23180807
003 TZ-ArACH
005 20130523114325.0
008 901018s1990 fr b 000 0 fre
010 _a 90205576
020 _a2275007636
020 _a9782275007632
035 _a(OCoLC)23180807
_z(OCoLC)21548818
_z(OCoLC)21551251
_z(OCoLC)183207415
040 _aDLC
_beng
_cTZ-ArACH
_dFCI
_dNLGGC
_dLVB
_dNYDWH
_dOCLCG
_dEMI
_dGEBAY
_dGBVCP
_dOCLCO
041 _aFre
049 _aTZAA
050 0 0 _aJX1428.N5
_bL36 1990
050 0 4 _aJZ1529
_b.L36
082 0 0 _a341.5/02687285/073
_220
100 1 _aLang, Caroline,
_cdocteur en droit.
_910984
245 1 2 _aAffaire Nicaragua-Etats-Unis devant la Cour internationale de justice /
_cCaroline Lang ; avant-propos de Mohammed Bedjaoui ; préface de Brigitte Stern.
260 _aParis :
_bLibr. générale de droit et de jurisprudence,
_c1990.
300 _axix, 301 p. ;
_c24 cm.
490 1 _aBibliothèque de droit international ;
_vt. 100
504 _aIncludes bibliographical references (p. [283]-291).
610 2 6 _aCour internationale de justice.
_910985
610 2 7 _aInternational Court of Justice
_910986
650 7 _aForeign relations
_910987
650 7 _aINTERNATIONAL COURTS
_910988
651 7 _aEtats-Unis
_xRelations extérieures
_zNicaragua.
_2ram
_910989
651 7 _aNicaragua
_xRelations extérieures
_zEtats-Unis.
_2ram
_910990
651 0 _aUnited States
_xForeign relations
_zNicaragua.
_910991
651 0 _aNicaragua
_xForeign relations
_zUnited States.
_910992
651 6 _aNicaragua
_xRelations extérieures
_zÉtats-Unis.
_910993
651 6 _aÉtats-Unis
_xRelations extérieures
_zNicaragua.
_910994
651 7 _aNicaragua
_910995
651 7 _aUSA
_910996
653 0 _aNicaragua
_aForeign relations
_aUnited States
653 0 _aUnited States
_aForeign relations
_aNicaragua
776 0 8 _iOnline version:
_aLang, Caroline, docteur en droit.
_tAffaire Nicaragua-Etats-Unis devant la Cour internationale de justice.
_dParis : Libr. générale de droit et de jurisprudence, 1990
_w(OCoLC)556053659
830 0 _aBibliothèque de droit international ;
_vt. 100.
_910997
942 _2lcc
_cBOOK
999 _c2331
_d2331